000 00629nam a2200229Ia 4500
005 20250508164104.0
008 008 250505s9999 xx 000 0 eng d
020 _a0-321-08240-0
037 _aReference
040 _aFEDL
_beng
_cFEDL
041 _aeng
_2eng
084 _a150.92, VYG
_qFEDL
100 _aWink John
_9777282
245 0 _aVision of Vygotsky
260 _aBoston, USA
_bAllyn and Bacon
_c2002
300 _axxxi,176p.
365 _aUSD
_b35
650 _aBiography-Vygotsky L S
_9777283
700 _a Putney Le Ann G
_9777284
942 _cREF
_h150.92, VYG
999 _c1386994
_d1386994